000 00294nam a2200109Ia 4500
008 220204s9999 xx 000 0 und d
082 _a037
_bHUT
100 _aHutchins, R M
245 0 _aGreat conversation:Substance of liberal education
260 _aChicago
_bWilliam Benton
_c1952
942 _cBK
999 _c36128
_d36128